| 000 | 00647nam a2200205 i 4500 | ||
|---|---|---|---|
| 001 | 44353 | ||
| 003 | ES-MaACL | ||
| 005 | 20250930063047.0 | ||
| 007 | t| | ||
| 008 | 030321s1955 sp ||||1| spa d | ||
| 100 | 1 |
_aClarasó, Noel, _d1899-1985 _939003 |
|
| 245 | 1 | 0 |
_aBreviario para todos los días del año / _cNoel Clarasó. |
| 250 | _a1ª ed. | ||
| 260 |
_a[S.l. : _bs.n., _c1955] ( _eBarcelona : _fAleu y Domingo) |
||
| 300 |
_a196 p. ; _c18 cm. |
||
| 490 | 1 |
_aVivir es saber. Saber es vivir ; _v16 |
|
| 830 | 0 |
_aVivir es saber. Saber es vivir ; _v16 _9182014 |
|
| 852 |
_aES-MaACL _jC-11089 _bR.38283 |
||
| 999 |
_c44353 _d44353 |
||